000 007220000a22002050004500
090 _aAR
_b01589
245 1 0 _aAmbito hogareño y cambios estacionales del venado cola blanca en un bosque tropical caducifolio
650 1 4 _aEcología de poblaciones
_93557
650 1 4 _aUso del hábitat
_93825
650 1 4 _aEtología
_97606
650 1 4 _aManejo de especies
_994972
651 4 _lChamela
_dJalisco
_pMéxico
_992749
653 _gOdocoileus
_eOdocoileus virginianus
_vvenado cola blanca
041 0 _aEspañol
700 1 _aMandujano, Salvador
_994785
700 1 _aGallina, Sonia
_994784
100 1 _aSánchez Rojas, Gerardo
_952487
942 _cARTICULO
773 1 _tSimposio sobre Venados de México
_3558
_q136-147
_d1994
999 _c10670
_d10670